00730nam a2200181 a 450000100100000000500170001000800410002704000250006808200160009324000830010924501320019226000550032430000400037949000290041970000310044870000400047983000290051900004205220201002035917.0131112s1972 mx a 000 0 spa d aDO-SdBNPbspacBNPHU axxxxbA238a10aTraining the ward clerk by Hospital Reserach and Educational Trust.lEspañol00aAdministración de salas :bguía del instructor /ctraducido al español por Ceferino Palencia, Amalia Vistrain de Morales. aMéxico :bNueva Editorial Interamericana,c1972. a1 v. (pág. var.) :bil. ;c28 cm.1 aAuxiliares hospitalarios1 aPalencia, Ceferino,etrad.1 aVistrain de Morales, Amalia,etrad. 0aAuxiliares hospitalarios